Géographie asiatique par lettre - S - Statistiques

Statistiques générales
  • Ce quiz a été pris 339 fois
  • Le résultat moyen est 12 sur 22
Statistiques - réponses
indice réponse % Correct
Vaste région froide de la Russie orientale Sibérie
93%
Pays qui ne touche l'Inde qu'à marée basse Sri Lanka
93%
Canal et ville à la frontière de l'Afrique et de l'Asie Suez
93%
Pays gouverné par Bashar Assad Syrie
93%
Pays avec de vastes réserves de pétrole Arabie {Saoudite}
89%
Ancienne route commerciale de la Chine vers l'Europe route de la {soie}
87%
Où le chewing-gum est interdit Singapour
84%
Le plus grande ville commençant par S dans le monde Shanghaï
82%
Capitale du Yémen Sanaa
75%
Maintenant appelé Hô-Chi-Minh-Ville Saïgon
73%
Île où l'on peut trouver des orangs-outans Sumatra
68%
La 2ème plus grande ville commençant par S dans le monde Séoul
52%
Les vastes prairies eurasiennes steppe
48%
Province chinoise du sud-ouest connue pour sa cuisine épicée Sichuan
35%
Pakistan, Inde et Bangladesh collectivement {sous-continent} indien
35%
Cette ville ouzbèke, sur cette route, était autrefois l'une des plus grandes villes asiatiques Samarcande
31%
Ville au nord immédiat de Hong Kong Shenzhen
26%
La plus grande ville d'Hokkaido Sapporo
25%
Monnaie d'Israël shekel
23%
Île indonésienne anciennement appelée Célèbes Sulawesi
14%
Ville cambodgienne à côté d'Angkor Wat Siem Reap
8%
Mangrove région du Bengale qui abrite de nombreux tigres Sundarbans
2%
Aucun quiz correspondant
Distribution des résultats
% des personnes avec chaque résultat
Percentile par nombre de réponses
Votre historique - résultats
Vous n’avez pas pris ce quiz